000 00620cam a2200169 4500500
005 20260329005243.0
041 _afre
042 _adc
100 1 0 _aBourgeois, Didier
_eauthor
700 1 0 _aStruczyk, Stanislas
_eauthor
700 1 0 _aGrasso, Marie-Josée
_eauthor
245 0 0 _aPlace et rôle de l’élaboration d’une identité narrative dans la prise en charge psychothérapique des sujets borderlines
260 _c2008.
500 _a2
786 0 _nPsy Cause | 51 | 1 | 2008-01-03 | p. 27-31 | 1245-2394
856 4 1 _uhttps://shs.cairn.info/revue-psy-cause-2008-1-page-27?lang=fr&redirect-ssocas=7080
999 _c1841727
_d1841727